000 00612nam a22001937a 4500
999 _c1853
_d1853
003 OSt
005 20191126114556.0
008 150522b xxu||||| |||| 00| 0 eng d
020 _a0443077509
040 _cDLC
082 _aWG 17 A65g 1998
100 _aEdited by Mandell, Gerald L.
_913089
245 _aAtlas of Infectious Diseases:
_bVolume x Cardiovascular Infections
260 _aPhiladelphia:
_bChurchill Livingstone;
_c1998
300 _aix, different numbering:
_bcol.ill;
_c28 cm
504 _aIncludes bibliographical references and index
650 _2Cardiovascular infections
942 _2z
_cSLOAN